El papel del archivo : políticas e historias de la documentación pública y privada en la Norpatagonia /

Detalles Bibliográficos
Autor principal: Cañuqueo, Lorena (Autor)
Otros Autores: Pérez, Pilar, 1979- (Editor)
Formato: Electrónico eBook
Lenguaje:español
Publicado: Río Negro, Argentina : Editorial UNRN, 2023.
Edición:Primera edición.
Colección:Aperturas. Serie Sociales.
Materias:
Acceso en línea:Digitalia Hispánica

MARC

LEADER 00000nam a2200000Ii 4500
001 DIGEDUNRN0020
003 NyNyDIG
008 240715s2023 ag a ob 000 0 spa d
006 m o d
007 cr |||||||||||
035 |a (OCoLC)1449535913 
040 |a DGITA  |b eng  |e rda  |e pn  |c DGITA 
020 |a 9789878258096  |q eBook 
020 |z 9789878258072 
043 |a s-ag---   |a s-cl--- 
050 1 4 |a CD4036 ebook 
245 0 3 |a El papel del archivo :  |b políticas e historias de la documentación pública y privada en la Norpatagonia /  |c compiladora, Pilar Pérez ; autores, Lorena Cañuqueo [and 15 others]. 
250 |a Primera edición. 
264 1 |a Río Negro, Argentina :  |b Editorial UNRN,  |c 2023. 
300 |a 1 online resource :  |b illustrations. 
336 |a text  |b txt  |2 rdacontent 
337 |a computer  |b c  |2 rdamedia 
338 |a online resource  |b cr  |2 rdacarrier 
347 |a text file  |2 rdaft 
347 |b EPUB 
490 1 |a Aperturas. Serie Sociales 
504 |a Includes bibliographical references. 
588 0 |a Online resource; title from ePub title page (Digitalia, viewed July 15, 2024) 
650 0 |a Archives  |z Patagonia (Argentina and Chile) 
700 1 |a Cañuqueo, Lorena,  |e author. 
700 1 |a Pérez, Pilar,  |d 1979-  |e editor. 
776 0 8 |i Print version:  |t Papel del archivo.  |b Primera edición.  |d Río Negro, Argentina : Editorial UNRN, 2023  |z 9789878258072 
791 2 |a Digitalia (Firm),  |e distributor. 
793 0 |g Digitalia eBook Collection:  |a Editorial UNRN 
830 0 |a Aperturas.  |p Serie Sociales.  
856 4 0 |3 Digitalia Hispánica  |u https://www.digitaliapublishing.com/a/144698/ 
910 |a Premium collection: 2024